[Event "AUTO-INT-1341"]
[Site "http://www.queenalice.com/game.php?id=704698"]
[Date "2009.12.28"]
[Round "2"]
[White "Corus"]
[Black "ThiagoTanaka"]
[Result "0-1"]
[WhiteElo "1874"]
[BlackElo "1923"]

1. d4 c6 2. e4 d5 3. e5 Bf5 4. Nf3 h6 5. Nc3 e6 6. Bd3 Bxd3 7. Qxd3 Nd7 8. O-O
c5 9. dxc5 Bxc5 10. Be3 Bxe3 11. Qxe3 Ne7 12. Rad1 O-O 13. Nb5 a6 14. Nd6 Qc7
15. c3 Nc8 16. Qf4 Nxd6 17. exd6 Qb6 18. b4 Rac8 19. Rc1 Rc6 20. Rfe1 Rxd6 21.
Ne5 Nxe5 22. Rxe5 Rc6 23. Rh5 Rc4 24. Qg3 Qc7 25. Qd3 Rc8 26. Rh3 Qe5 27. Re3
Qf6 28. Rf3 Qe5 29. Re3 Qd6 30. a3 d4 31. Re4 Rxc3 32. Rxc3 Rxc3 33. Qd2 Rxa3
34. h3 Ra1+ 35. Re1 Rxe1+ 36. Qxe1 e5 0-1

[Event "AUTO-INT-1341"]
[Site "http://www.queenalice.com/game.php?id=704705"]
[Date "2009.12.28"]
[Round "2"]
[White "Corus"]
[Black "Catamarca"]
[Result "1-0"]
[WhiteElo "1840"]
[BlackElo "1687"]

1. d4 d6 2. e4 Nf6 3. Nc3 g6 4. Be3 Bg7 5. Nf3 O-O 6. Qd2 b6 7. Bd3 Bb7 8. O-O
c5 9. d5 Nbd7 10. Bh6 Ng4 11. Bxg7 Kxg7 12. Rfe1 Nde5 13. h3 Nxf3+ 14. gxf3 Ne5
15. Be2 1-0

[Event "AUTO-INT-1341"]
[Site "http://www.queenalice.com/game.php?id=704706"]
[Date "2009.12.28"]
[Round "2"]
[White "Catamarca"]
[Black "Corus"]
[Result "0-1"]
[WhiteElo "1677"]
[BlackElo "1850"]

1. d4 d5 2. Bf4 Nc6 3. e3 Bf5 4. c4 Nf6 5. Nc3 e6 6. c5 b6 7. Bb5 Qd7 8. Qa4 Bc2
9. Bxc6 Bxa4 10. Bxd7+ Bxd7 11. Bxc7 bxc5 12. dxc5 Bxc5 13. Nf3 Bb4 14. Be5 Ne4
0-1

[Event "AUTO-OPEN-1633"]
[Site "http://www.queenalice.com/game.php?id=726439"]
[Date "2010.2.5"]
[Round "2"]
[White "Corus"]
[Black "vila1"]
[Result "0-1"]
[WhiteElo "1757"]
[BlackElo "1884"]

1. d4 e6 2. Nf3 Nf6 3. Bg5 Be7 4. Nc3 h6 5. Bh4 Nc6 6. e3 d6 7. Bd3 b6 8. O-O
Bb7 9. Bxf6 Bxf6 10. Re1 O-O 11. Ne4 Be7 12. Ng3 f5 13. Nh5 Nb4 14. Be2 Nd5 15.
c4 Nf6 16. Nf4 Kf7 17. Bd3 Ne4 18. d5 exd5 19. Nxd5 Re8 20. Bxe4 fxe4 21. Nd4 c5
22. Nf4 cxd4 23. Qxd4 Bf6 24. Qd1 Bxb2 25. Qh5+ Kg8 26. Rad1 Be5 27. g3 Ba6 28.
Qg6 Qf6 29. Qxf6 Bxf6 30. Nd5 Bxc4 31. Nc7 Bxa2 32. Nxe8 Rxe8 33. Rxd6 Bc4 34.
Rd7 a5 35. Rc7 b5 36. Rc5 Rd8 37. Kg2 a4 0-1

[Event "AUTO-OPEN-1633"]
[Site "http://www.queenalice.com/game.php?id=726440"]
[Date "2010.2.5"]
[Round "2"]
[White "vila1"]
[Black "Corus"]
[Result "0-1"]
[WhiteElo "1787"]
[BlackElo "1863"]

1. c4 e5 2. g3 Bc5 3. e3 Nf6 4. Bg2 O-O 5. Nc3 c6 6. Nge2 d6 7. O-O Be6 8. b3
Na6 9. a3 Bb6 10. Bb2 d5 11. cxd5 Nxd5 12. Nxd5 Bxd5 13. Bxe5 Re8 14. Bxd5 Qxd5
15. Bc3 Nc5 16. b4 Ne4 17. d4 Bc7 18. Rc1 Ng5 19. Nf4 Bxf4 0-1

[Event "AUTO-ADV-1683"]
[Site "http://www.queenalice.com/game.php?id=743969"]
[Date "2010.3.10"]
[Round "1"]
[White "amarkin"]
[Black "Corus"]
[Result "1-0"]
[WhiteElo "2109"]
[BlackElo "1771"]

1. c4 e5 2. e4 Nf6 3. Nc3 Bc5 4. Be2 Nc6 5. Nf3 O-O 6. Qc2 d6 7. h3 a6 8. b3 Nb4
9. Qd1 b6 10. a3 Nc6 11. Bb2 Bd4 12. Qc2 Be6 13. O-O Nh5 14. Rfe1 Nf4 15. Bf1 b5
16. Rab1 Qf6 17. Qd1 b4 18. h4 Bg4 19. Re3 Bxe3 20. fxe3 bxc3 21. dxc3 Ng6 22.
Be2 Bxf3 23. Bxf3 Nxh4 24. Qe2 Nxf3+ 25. gxf3 Qg5+ 26. Kf1 f5 27. Ke1 fxe4 28.
f4 exf4 29. Kd1 f3 30. Qf2 Rf6 31. Kd2 1-0

[Event "AUTO-ADV-1683"]
[Site "http://www.queenalice.com/game.php?id=743970"]
[Date "2010.3.10"]
[Round "1"]
[White "Corus"]
[Black "amarkin"]
[Result "0-1"]
[WhiteElo "1821"]
[BlackElo "1962"]

1. d4 Nf6 2. Nf3 d5 3. Bf4 Bf5 4. e3 g6 5. Ne5 Bg7 6. Bd3 Be4 7. O-O O-O 8. Nc3
Bxd3 9. Qxd3 Nbd7 10. Nxd7 Qxd7 11. Rfe1 Nh5 12. Nxd5 Qxd5 13. Bxc7 Rac8 14. c4
Qc6 15. Ba5 Qxc4 16. Qe4 b6 17. Bc3 e6 18. Rec1 Nf6 19. Qb7 Qa4 20. a3 Qd7 21.
Qf3 Nd5 0-1

[Event "AUTO-ADV-1683"]
[Site "http://www.queenalice.com/game.php?id=743985"]
[Date "2010.3.10"]
[Round "1"]
[White "Marivaldo"]
[Black "Corus"]
[Result "1-0"]
[WhiteElo "1998"]
[BlackElo "1706"]

1. d4 d5 2. Bf4 Nf6 3. e3 Bf5 4. Nc3 e6 5. a3 Bd6 6. Bg5 h6 7. Bh4 O-O 8. Bd3
Bh7 9. Nf3 Be7 10. Bg3 Nc6 11. Nb5 Rc8 12. Ne5 Nxe5 13. Bxe5 Nd7 14. Nxa7 Ra8
15. Nb5 Nxe5 16. Bxh7+ Kxh7 17. dxe5 f6 18. exf6 Bxf6 19. c3 Ra5 20. Nd4 Bxd4
21. Qxd4 c5 22. Qg4 Qf6 23. O-O Rb5 24. Qe2 Rb3 25. h3 c4 26. e4 dxe4 27. Qxe4+
Kh8 28. Rab1 Rd8 29. Qxc4 Rb6 30. Rfe1 Rc6 31. Qb3 Rd2 32. Rf1 Rc5 33. Qxb7 Rf5
34. Qb6 Rg5 35. Qe3 Rdd5 36. Rbd1 Rde5 37. Qd4 Qf5 38. f4 Rd5 39. fxg5 1-0

[Event "AUTO-ADV-1683"]
[Site "http://www.queenalice.com/game.php?id=743986"]
[Date "2010.3.10"]
[Round "1"]
[White "Corus"]
[Black "Marivaldo"]
[Result "0-1"]
[WhiteElo "1746"]
[BlackElo "1997"]

1. d4 d5 2. Nc3 Bf5 3. Nf3 Nc6 4. Bf4 a6 5. e3 Bg4 6. Be2 e6 7. h3 Bh5 8. O-O
Bd6 9. Nd2 Bxf4 10. Bxh5 Bh6 11. Nf3 g6 12. Bg4 f5 13. Bxf5 exf5 14. Re1 Qd6 15.
Ne5 Bg7 16. Nxc6 Qxc6 17. Qf3 O-O-O 18. Rab1 Qe6 19. b4 Qc6 20. b5 Qxc3 21. bxa6
bxa6 22. Rb3 Qc6 23. Rc1 Nf6 24. Rcb1 Qxc2 25. Rb8+ Kd7 26. R8b2 Qe4 27. Qd1 Qe6
28. Qc2 Qc6 29. Qd3 Qa8 30. Qb3 Rb8 31. Qa4+ c6 32. Rb3 Rb5 33. Qa3 Ne4 34. Rxb5
axb5 0-1

[Event "AUTO-ADV-1683"]
[Site "http://www.queenalice.com/game.php?id=743995"]
[Date "2010.3.10"]
[Round "1"]
[White "serrameira"]
[Black "Corus"]
[Result "1-0"]
[WhiteElo "1906"]
[BlackElo "1767"]

1. e4 c5 2. Nf3 d6 3. Bc4 g6 4. d4 cxd4 5. Qxd4 Nf6 6. e5 Nc6 7. Bb5 dxe5 8.
Qxd8+ Kxd8 9. Bxc6 bxc6 10. Nxe5 Ke8 11. Nxc6 Bb7 12. Nd4 Bxg2 13. Rg1 Be4 14.
c3 Bg7 15. Nd2 Bb7 16. Nc4 Rc8 17. Na5 Be4 18. f3 Bd3 19. Bg5 Nh5 20. O-O-O Ba6
21. Nab3 Nf6 22. Rge1 e6 23. Nxe6 fxe6 24. Bxf6 Bxf6 25. Rxe6+ Kf7 26. Rxa6 Ra8
27. Rd7+ Be7 28. Nd4 Rhd8 29. Rdxa7 Rxa7 30. Rxa7 Ke8 31. Nc6 Rd7 32. Ra8+ Kf7
33. Nxe7 Rxe7 34. Kd2 Re5 35. Ra7+ Kg8 36. c4 Rh5 37. b4 Rxh2+ 38. Ke3 g5 39. c5
Rc2 40. a4 Rc3+ 41. Ke4 Rc4+ 42. Kf5 Rxb4 43. Kxg5 Rc4 44. Ra5 1-0

[Event "AUTO-ADV-1683"]
[Site "http://www.queenalice.com/game.php?id=743996"]
[Date "2010.3.10"]
[Round "1"]
[White "Corus"]
[Black "serrameira"]
[Result "0-1"]
[WhiteElo "1811"]
[BlackElo "1893"]

1. d4 Nf6 2. Nc3 d5 3. Nf3 g6 4. Bf4 c6 5. e3 Bg7 6. Be2 O-O 7. O-O Re8 8. Qd3
Bf5 9. Qd2 Nbd7 10. Rfe1 e6 11. Ne5 Nxe5 12. Bxe5 Ng4 13. Bxg7 Kxg7 14. h3 Nxf2
15. Kxf2 Qh4+ 16. Kg1 Qg3 17. Bg4 Bxg4 18. hxg4 Qxg4 19. Rf1 g5 20. Qf2 f5 21.
Qf3 Qh4 22. Qh3 Qxh3 23. gxh3 Re7 24. Ne2 Kg6 25. Ng3 Rf8 26. Kh2 b6 27. Ne2 c5
28. c3 c4 29. Rg1 e5 30. h4 g4 31. Ng3 f4 32. exf4 exf4 33. Nh1 Kh5 34. Rae1 Re4
35. Rxe4 dxe4 36. d5 Kxh4 37. d6 Rd8 38. Rf1 f3 39. Re1 Rxd6 40. Ng3 Rd2+ 41.
Kg1 f2+ 0-1

[Event "AUTO-OPEN-1905"]
[Site "http://www.queenalice.com/game.php?id=744026"]
[Date "2010.3.10"]
[Round "1"]
[White "Corus"]
[Black "cutucapeao"]
[Result "0-1"]
[WhiteElo "1794"]
[BlackElo "1623"]

1. d4 d5 2. Nc3 Nf6 3. Bf4 e6 4. e3 Nc6 5. Bb5 Bb4 6. Bxc6+ bxc6 7. Ne2 Ba6 8.
a3 Bxe2 9. Qxe2 Bxc3+ 10. bxc3 O-O 11. Qa6 c5 12. O-O Ne4 13. Qc6 Qe7 14. Qxc7
Qxc7 15. Bxc7 Rfc8 16. Be5 f6 17. f3 Nxc3 18. Bd6 cxd4 19. exd4 Ne2+ 20. Kh1
Nxd4 21. Rae1 e5 22. f4 e4 23. Rd1 Nf5 24. Rxd5 Ne3 25. Rdd1 Nxf1 26. Rxf1 Rxc2
27. Re1 Rac8 28. Kg1 Ra2 29. h3 Rcc2 30. f5 Rxg2+ 31. Kh1 Rgc2 32. Rg1 e3 33.
Bb4 Rh2# 0-1

[Event "AUTO-OPEN-1905"]
[Site "http://www.queenalice.com/game.php?id=744027"]
[Date "2010.3.10"]
[Round "1"]
[White "cutucapeao"]
[Black "Corus"]
[Result "1-0"]
[WhiteElo "1437"]
[BlackElo "1851"]

1. e4 c5 2. Nf3 d6 3. d4 cxd4 4. Nxd4 e5 5. Bb5+ Bd7 6. Bxd7+ Nxd7 7. Nf5 g6 8.
Nxd6+ Bxd6 9. Qxd6 Ngf6 10. Nc3 Rc8 11. Qa3 a6 12. Bg5 Qc7 13. O-O-O Qc5 14. Qb3
O-O 15. Qxb7 Qc6 16. Qxc6 Rxc6 17. Nd5 Nxd5 18. exd5 Rc5 19. Be7 Rxc2+ 20. Kxc2
Re8 21. d6 Kg7 22. Rc1 Rc8+ 23. Kb1 1-0

[Event "AUTO-OPEN-1905"]
[Site "http://www.queenalice.com/game.php?id=744028"]
[Date "2010.3.10"]
[Round "1"]
[White "Corus"]
[Black "amarkin"]
[Result "0-1"]
[WhiteElo "1798"]
[BlackElo "2105"]

1. d4 Nf6 2. Nc3 d5 3. Nf3 c6 4. Bg5 Bf5 5. e3 Nbd7 6. Be2 e6 7. Ne5 Be7 8. O-O
h6 9. Bxf6 Bxf6 10. Nxd7 Qxd7 11. Re1 Rd8 12. Bg4 Bh7 13. Bf3 O-O 14. Na4 b6 15.
Rc1 e5 16. dxe5 Bxe5 17. Nc3 Qd6 18. g3 Qf6 19. Qd2 Qxf3 20. Qe2 Qf5 21. f4 Bxc3
22. bxc3 Rfe8 23. Qa6 Rd7 24. Qa4 Re6 25. Qa6 Rde7 26. Qc8+ Re8 27. Qb7 Qh3 28.
Re2 Be4 29. Qxa7 Bf3 30. Rf2 Rxe3 0-1

[Event "AUTO-OPEN-1905"]
[Site "http://www.queenalice.com/game.php?id=744029"]
[Date "2010.3.10"]
[Round "1"]
[White "amarkin"]
[Black "Corus"]
[Result "1-0"]
[WhiteElo "2111"]
[BlackElo "1769"]

1. e4 c5 2. Nf3 d6 3. d4 cxd4 4. Nxd4 Nc6 5. Be3 e5 6. Nb5 Nf6 7. N5c3 Be7 8.
Be2 O-O 9. g4 Nd4 10. f3 Nxe2 11. Kxe2 b6 12. Nd5 Nxd5 13. exd5 Ba6+ 14. Kf2
Bh4+ 15. Kg2 Bf6 16. h3 e4 17. Bd4 Bh4 18. Nd2 exf3+ 19. Nxf3 Bb7 20. Bc3 Rc8
21. Rc1 Rc5 22. Bd4 Rxd5 23. c4 Ra5 24. a3 b5 25. Qb3 Qa8 26. Qc3 Ra4 27. b4
bxc4 28. Rhf1 Re8 29. Qb2 f6 30. Rc3 Re6 31. Qc2 1-0